000 00552cam a22001931 4500
001 000004361
005 20200929151430.0
008 740305s1961 xx 000 0 eng
010 _a61001433
015 _aGB61-2009
035 _a(OCoLC)819856
040 _aDO-SdBNP
_cCtU
_dUk
_dDLC
050 0 0 _aPZ3.S123
_bNo
_aPR6037.A35
100 2 _aSackville-West, V.
_q(Victoria),
_d1892-1962
_912850
245 1 0 _aNo hay signos en el mar /.
260 _aLondon, :
_bM. Joseph,
_c[1961].
300 _a155 p. ;
_c21 cm.
910 _aCatalogación por copia / LC
999 _c4170
_d4170